[Event "17. OIBM Bad Wiessee"]
[Site "Bad Wiessee"]
[Date "2013.10.26"]
[Round "1.37"]
[White "Schramm, Christian"]
[Black "Stein, Manfred"]
[Result "1-0"]
[WhiteElo "2396"]
[BlackElo "2076"]
[PlyCount "129"]
[EventDate "2013.??.??"]
[WhiteTeam "SC 1959 Obernau"]
[BlackTeam "SK Sülz-Klettenberg"]

1. e4 e6 2. d4 d5 3. Nc3 Nf6 4. Bg5 Be7 5. e5 Nfd7 6. Bxe7 Qxe7 7. Nb5 Nf8 8.
c3 a6 9. Na3 c5 10. Nc2 Nc6 11. Qg4 Ng6 12. h4 h5 13. Qg3 Bd7 14. Nf3 Rc8 15.
Bd3 Rh6 16. dxc5 Qxc5 17. O-O Nce7 18. Ncd4 Kf8 19. Ng5 Kg8 20. Rae1 Rf8 21.
Kh2 Qc7 22. f4 Qc8 23. Rf2 f6 24. Ngxe6 Bxe6 25. Nxe6 Qxe6 26. f5 Qb6 27. fxg6
Nxg6 28. Qf3 Ne7 29. e6 f5 30. Rfe2 Qd6+ 31. Kh1 Rff6 32. c4 Rhg6 33. Re5 Rxe6
34. Qe2 Rxe5 35. Qxe5 Qxe5 36. Rxe5 dxc4 37. Bxc4+ Kf8 38. Be2 Rb6 39. b3 g6
40. Bc4 Rd6 41. a4 Rd4 42. Re6 Rxh4+ 43. Kg1 Rd4 44. Rf6+ Ke8 45. Rb6 Rd7 46.
Kf2 Nc6 47. Bxa6 Rd2+ 48. Ke3 Rxg2 49. Bxb7 f4+ 50. Kf3 Rg3+ 51. Kxf4 Rg4+ 52.
Ke3 Nd4 53. a5 Kd7 54. a6 Kc7 55. a7 Kxb6 56. a8=Q Nxb3 57. Qb8 Kc5 58. Bf3 Rb4
59. Qc7+ Kb5 60. Bc6+ Kc4 61. Qf7+ Kc5 62. Qe7+ Kc4 63. Bd5+ Kb5 64. Qd7+ Kb6
65. Qe6+ 1-0

[Event "17. OIBM Bad Wiessee"]
[Site "Bad Wiessee"]
[Date "2013.10.26"]
[Round "1.38"]
[White "Straub, Hermann"]
[Black "Zude, Arno"]
[Result "0-1"]
[WhiteElo "1987"]
[BlackElo "2416"]
[PlyCount "92"]
[EventDate "2013.??.??"]
[WhiteTeam "SK Frankenthal"]
[BlackTeam "SV 1920 Hofheim"]

1. b3 e5 2. Bb2 Nc6 3. e3 Nf6 4. Nf3 d6 5. d4 e4 6. d5 Nb4 7. Ng5 h6 8. a3
Nxc2+ 9. Qxc2 hxg5 10. Bb5+ Bd7 11. Bxd7+ Qxd7 12. Bxf6 gxf6 13. Qxe4+ Be7 14.
Nd2 O-O-O 15. Nf3 f5 16. Qd3 Bf6 17. Nd4 Rh4 18. Rc1 Bxd4 19. exd4 Rdh8 20. h3
g4 21. Kd2 f4 22. Rce1 f3 23. g3 Rxh3 24. Rhf1 a6 25. Re4 Kb8 26. a4 Ka7 27.
Re3 Rh1 28. Ree1 Rxf1 29. Rxf1 Re8 30. Re1 Rxe1 31. Kxe1 Qe8+ 32. Kd2 Qh8 33.
b4 Qh2 34. Qe3 Qg1 35. Qe1 Qh2 36. Qe3 Qg1 37. Qe1 Qxe1+ 38. Kxe1 a5 39. b5 Kb6
40. Kd2 c6 41. bxc6 bxc6 42. dxc6 Kxc6 43. Kc3 Kd5 44. Kd3 f6 45. Kc3 Ke4 46.
Kc4 f5 0-1

[Event "17. OIBM Bad Wiessee"]
[Site "Bad Wiessee"]
[Date "2013.10.26"]
[Round "1.39"]
[White "Faibisovich, Vadim"]
[Black "Mann, Johannes"]
[Result "1-0"]
[WhiteElo "2344"]
[BlackElo "1910"]
[PlyCount "117"]
[EventDate "2013.??.??"]
[BlackTeam "SC Forchheim e.V."]

1. e4 c6 2. d4 d5 3. Nc3 dxe4 4. Nxe4 Bf5 5. Ng3 Bg6 6. Nf3 Nd7 7. Bd3 Bxd3 8.
Qxd3 e6 9. O-O Ngf6 10. Bf4 Be7 11. c4 O-O 12. Rad1 Qa5 13. a3 b5 14. Rc1 Rac8
15. Ne5 Rfd8 16. Qe2 Qb6 17. Be3 Qb7 18. f4 a6 19. f5 Nxe5 20. dxe5 Nd7 21.
fxe6 Nxe5 22. exf7+ Nxf7 23. Ne4 c5 24. Rxf7 Qxe4 25. Rxg7+ Kxg7 26. Bh6+ Kxh6
27. Qxe4 Bf6 28. b3 Bd4+ 29. Kh1 Re8 30. Qh4+ Kg7 31. Re1 bxc4 32. bxc4 Rxe1+
33. Qxe1 Rb8 34. h4 Rf8 35. Qe7+ Rf7 36. Qg5+ Kh8 37. h5 Rg7 38. Qf5 a5 39. g4
h6 40. Kg2 Rg5 41. Qe6 Kh7 42. Kf3 Rg7 43. Qe4+ Kh8 44. Qa8+ Kh7 45. Qxa5 Rf7+
46. Kg3 Re7 47. Qa6 Rg7 48. a4 Be5+ 49. Kf3 Bd4 50. a5 Rf7+ 51. Ke4 Re7+ 52.
Kd3 Rg7 53. Qe6 Rg5 54. a6 Rg7 55. Qg6+ Rxg6 56. hxg6+ Kxg6 57. a7 Kg5 58. a8=Q
Kxg4 59. Ke4 1-0

[Event "17. OIBM Bad Wiessee"]
[Site "Bad Wiessee"]
[Date "2013.10.26"]
[Round "1.40"]
[White "Lochte, Szilvia"]
[Black "Braun, Christian"]
[Result "1/2-1/2"]
[WhiteElo "1928"]
[BlackElo "2367"]
[PlyCount "145"]
[EventDate "2013.??.??"]
[WhiteTeam "SC Starnberg"]
[BlackTeam "DJK Aufwärts St. Josef Aachen 19"]

1. d4 Nf6 2. Nc3 e6 3. Bg5 h6 4. Bh4 d5 5. Nf3 Nbd7 6. e3 a6 7. Bd3 c5 8. Ne5
Be7 9. O-O Nxe5 10. dxe5 Nd7 11. Bxe7 Qxe7 12. Qg4 O-O 13. f4 c4 14. Be2 f6 15.
exf6 Nxf6 16. Qg3 Bd7 17. Bf3 Rae8 18. Kh1 Bc6 19. Rad1 Qb4 20. Rb1 Qc5 21.
Rfe1 b5 22. Rbd1 Qb4 23. Rb1 Qd6 24. e4 Nxe4 25. Nxe4 dxe4 26. Bxe4 Bxe4 27.
Rxe4 Qd2 28. c3 Rf6 29. Qe1 Rd8 30. g3 Kf7 31. Qe2 Qxe2 32. Rxe2 g5 33. fxg5
hxg5 34. Kg2 g4 35. h3 gxh3+ 36. Kxh3 Rd3 37. Rbe1 Rg6 38. Re3 Rh6+ 39. Kg2 Rd8
40. R1e2 Ke7 41. Kf3 Rd5 42. g4 Rh3+ 43. Kf4 Rxe3 44. Kxe3 Kf6 45. Kf4 a5 46.
a3 e5+ 47. Ke4 Rd1 48. Kf3 Rd3+ 49. Ke4 Rd1 50. Kf3 Ke6 51. Ke4 Rd3 52. Rg2 Rd1
53. g5 Re1+ 54. Kf3 Rf1+ 55. Ke3 Re1+ 56. Kf3 Kf7 57. Rg4 a4 58. g6+ Kg7 59.
Kf2 Rb1 60. Ke3 Rxb2 61. Rg5 Rb3 62. Rxe5 Kxg6 63. Kd4 Kf6 64. Rh5 Ke6 65. Kc5
Rb2 66. Kb6 Rb3 67. Rxb5 Rxc3 68. Rc5 Rxa3 69. Rxc4 Kd5 70. Kb5 Rb3+ 71. Rb4
Rxb4+ 72. Kxb4 a3 73. Kxa3 1/2-1/2

[Event "17. OIBM Bad Wiessee"]
[Site "Bad Wiessee"]
[Date "2013.10.26"]
[Round "1.41"]
[White "Welling, Gerard"]
[Black "Antoniacci, Riccardo"]
[Result "1-0"]
[WhiteElo "2336"]
[BlackElo "1885"]
[PlyCount "61"]
[EventDate "2013.??.??"]
[WhiteTeam "WLC Eindhofen"]
[BlackTeam "DLF Rimini"]

1. e4 c5 2. Nc3 Nc6 3. g3 g6 4. Bg2 Bg7 5. d3 e6 6. Be3 Nd4 7. Nce2 e5 8. c3
Ne6 9. f4 Ne7 10. fxe5 Bxe5 11. d4 cxd4 12. cxd4 Bg7 13. d5 Nf8 14. Bd4 f6 15.
Qd2 g5 16. h4 h6 17. Nc3 Nfg6 18. hxg5 hxg5 19. Rxh8+ Nxh8 20. Bf3 d6 21. Bh5+
Kf8 22. O-O-O Bd7 23. Rf1 Kg8 24. Bxf6 Bxf6 25. Rxf6 Neg6 26. Qxg5 Kg7 27.
Rxg6+ Nxg6 28. Qxg6+ Kh8 29. Nf3 Qe7 30. Ng5 Rf8 31. Nf7+ 1-0

[Event "17. OIBM Bad Wiessee"]
[Site "Bad Wiessee"]
[Date "2013.10.26"]
[Round "1.42"]
[White "Schwarz, Hans"]
[Black "Tan, Justin"]
[Result "0-1"]
[WhiteElo "1967"]
[BlackElo "2333"]
[PlyCount "55"]
[EventDate "2013.??.??"]
[WhiteTeam "SV Rochade Magdeburg 96"]

1. e4 e6 2. d4 d5 3. Nc3 Bb4 4. e5 Ne7 5. a3 Bxc3+ 6. bxc3 b6 7. Bd3 Ba6 8. Ne2
c5 9. Ng3 Bxd3 10. Qxd3 Nbc6 11. O-O O-O 12. Nh5 Nf5 13. g3 Rc8 14. Bd2 cxd4
15. cxd4 Nfxd4 16. f4 Qe8 17. g4 f5 18. Be3 fxg4 19. Nxg7 Kxg7 20. Bxd4 Nxd4
21. Qxd4 Rc4 22. Qd2 Qg6 23. f5 Rxf5 24. Rxf5 Qxf5 25. Re1 Rxc2 26. Qe3 g3 27.
hxg3 Qh5 28. Qh6+ 0-1

[Event "17. OIBM Bad Wiessee"]
[Site "Bad Wiessee"]
[Date "2013.10.26"]
[Round "1.43"]
[White "Sedina, Elena"]
[Black "Stadler, Wolfgang"]
[Result "1-0"]
[WhiteElo "2312"]
[BlackElo "2053"]
[PlyCount "61"]
[EventDate "2013.??.??"]
[BlackTeam "SK München Südost e.V."]

1. e4 e6 2. d4 d5 3. e5 c5 4. c3 Nc6 5. Nf3 Qb6 6. a3 c4 7. Nbd2 Na5 8. Be2 Bd7
9. Rb1 Qc7 10. O-O Ne7 11. Qc2 Rc8 12. Ng5 h6 13. Nh7 Nf5 14. Nxf8 Kxf8 15. g4
Ne7 16. f4 g6 17. Nf3 Qd8 18. Be3 h5 19. h3 Ng8 20. Bd1 hxg4 21. hxg4 Nc6 22.
Qg2 Qe7 23. Bc2 Ke8 24. f5 exf5 25. gxf5 Bxf5 26. Bxf5 gxf5 27. Qg7 Rh3 28.
Qxg8+ Kd7 29. Qg2 Rch8 30. Kf2 Qe6 31. Ng5 1-0

[Event "17. OIBM Bad Wiessee"]
[Site "Bad Wiessee"]
[Date "2013.10.26"]
[Round "1.44"]
[White "Paschmann, Stefan"]
[Black "Morawietz, Dieter"]
[Result "0-1"]
[WhiteElo "1919"]
[BlackElo "2392"]
[PlyCount "72"]
[EventDate "2013.??.??"]
[WhiteTeam "Krefelder SK Turm 1851 e"]
[BlackTeam "Klub Kölner SF e.V. 1"]

1. d4 Nf6 2. Nf3 g6 3. Nc3 d5 4. Bf4 Bg7 5. e3 O-O 6. Be2 c5 7. O-O Nc6 8. Ne5
cxd4 9. exd4 Qb6 10. Nxc6 Qxc6 11. Bb5 Qb6 12. a4 a6 13. a5 Qd8 14. Bd3 Nh5 15.
Be5 f6 16. Bg3 Nxg3 17. hxg3 e5 18. dxe5 fxe5 19. Be2 Be6 20. Bg4 Bf7 21. Qd2
Qd6 22. Na4 Rad8 23. b4 e4 24. Rab1 d4 25. Nc5 Bd5 26. c4 dxc3 27. Qxd5+ Qxd5
28. Be6+ Qxe6 29. Nxe6 c2 30. Rbc1 Rd2 31. Nxf8 Kxf8 32. Kh2 Ke7 33. Rfe1 Bb2
34. Rxe4+ Kd6 35. Ree1 Bxc1 36. Rxc1 Kd5 0-1

[Event "17. OIBM Bad Wiessee"]
[Site "Bad Wiessee"]
[Date "2013.10.26"]
[Round "1.45"]
[White "Singer, Christoph"]
[Black "Udelhofen, Willi"]
[Result "1-0"]
[WhiteElo "2343"]
[BlackElo "1878"]
[PlyCount "93"]
[EventDate "2013.??.??"]
[WhiteTeam "FC Bayern München e.V."]
[BlackTeam "Internationaler SV Fre"]

1. e4 c5 2. Nf3 Nc6 3. Bb5 g6 4. Bxc6 bxc6 5. O-O Bg7 6. Re1 e5 7. c3 Ne7 8. d4
cxd4 9. cxd4 d6 10. dxe5 dxe5 11. Qxd8+ Kxd8 12. Nc3 f6 13. Be3 Bg4 14. Rac1
Ke8 15. Nd2 Be6 16. Na4 Kf7 17. Nc5 a5 18. b3 Rhb8 19. Nc4 Bxc4 20. Rxc4 Rb4
21. Rec1 f5 22. f3 Nc8 23. Rxb4 axb4 24. Na4 Ra6 25. Rd1 Ke8 26. Bc5 Na7 27.
Bxb4 Nb5 28. Bc5 Nd4 29. Kf1 fxe4 30. fxe4 Kf7 31. Bxd4 exd4 32. Ke2 c5 33.
Rf1+ Ke7 34. Kd3 Be5 35. h3 Bd6 36. Rc1 Ra5 37. Rc2 Ke6 38. Nb6 Ra6 39. Nc4 Bg3
40. a4 Be1 41. Rc1 Bb4 42. Rf1 Ra8 43. e5 Rb8 44. Rf6+ Ke7 45. Ke4 Be1 46. Rb6
Rd8 47. Nb2 1-0

[Event "17. OIBM Bad Wiessee"]
[Site "Bad Wiessee"]
[Date "2013.10.26"]
[Round "1.46"]
[White "Mentel, Juergen"]
[Black "Eichhorn, Andreas"]
[Result "0-1"]
[WhiteElo "2025"]
[BlackElo "2331"]
[PlyCount "60"]
[EventDate "2013.??.??"]
[WhiteTeam "Greifswalder SV"]
[BlackTeam "Kölner SK Dr. Lasker 186"]

1. e4 e6 2. d3 d5 3. Qe2 Nf6 4. Nf3 Be7 5. g3 b5 6. Bg2 O-O 7. O-O Bb7 8. e5
Nfd7 9. d4 b4 10. Rd1 a5 11. a3 Ba6 12. Qe1 c5 13. c3 Nc6 14. Be3 bxc3 15. bxc3
a4 16. Bf1 Qa5 17. Qd2 Rfb8 18. Qc2 Bxf1 19. Rxf1 Rb3 20. Nfd2 Rb7 21. Rc1 Rab8
22. h4 f6 23. f4 Qa6 24. Kf2 Rb2 25. Qd1 fxe5 26. fxe5 Rf8+ 27. Kg1 Qd3 28. Qe1
cxd4 29. cxd4 Nxd4 30. Rc3 Ne2+ 0-1

[Event "17. OIBM Bad Wiessee"]
[Site "Bad Wiessee"]
[Date "2013.10.26"]
[Round "1.47"]
[White "Forchert, Martin"]
[Black "Reuter, Roland"]
[Result "1-0"]
[WhiteElo "2398"]
[BlackElo "1985"]
[PlyCount "53"]
[EventDate "2013.??.??"]
[WhiteTeam "Bielefelder SK von 1883"]
[BlackTeam "SK Schwabach 1907 e.V."]

1. e4 c5 2. Nf3 Nc6 3. d4 cxd4 4. Nxd4 Nf6 5. Nc3 d6 6. Bg5 Bd7 7. Be2 a6 8.
Bxf6 gxf6 9. O-O Bg7 10. Nf5 Bxf5 11. exf5 Qa5 12. Nd5 Rc8 13. Re1 O-O 14. b4
Qd8 15. Bc4 Ne5 16. Bb3 Re8 17. f4 Nc4 18. Re4 b5 19. Qe2 Kf8 20. Re1 Qd7 21.
Rxe7 Rxe7 22. Qxe7+ Qxe7 23. Rxe7 Bh6 24. g3 Na3 25. Ra7 Rc6 26. Ra8+ Kg7 27.
Ne7 1-0

[Event "17. OIBM Bad Wiessee"]
[Site "Bad Wiessee"]
[Date "2013.10.26"]
[Round "1.49"]
[White "Klundt, Klaus"]
[Black "Kleinhenz, Hans-Georg"]
[Result "1-0"]
[WhiteElo "2340"]
[BlackElo "1945"]
[PlyCount "55"]
[EventDate "2013.??.??"]
[WhiteTeam "SC Heusenstamm"]
[BlackTeam "Stolberger SV 1927"]

1. e4 e6 2. d4 d5 3. Nd2 Nf6 4. e5 Nfd7 5. f4 c5 6. c3 Nc6 7. Ndf3 a5 8. Bd3 b6
9. Ne2 Ba6 10. Bxa6 Rxa6 11. f5 Be7 12. fxe6 fxe6 13. Nf4 Nf8 14. O-O c4 15. b3
b5 16. a4 Na7 17. axb5 Nxb5 18. bxc4 dxc4 19. Qa4 Qd7 20. Bd2 Qc6 21. Rfb1 Na7
22. Nh5 Rg8 23. Bg5 Nd7 24. Qc2 g6 25. Ng3 Nb6 26. Ne4 Kd7 27. Bxe7 Kxe7 28.
Nc5 1-0

[Event "17. OIBM Bad Wiessee"]
[Site "Bad Wiessee"]
[Date "2013.10.26"]
[Round "1.50"]
[White "Roth, Patrick"]
[Black "Polster, Wolfgang"]
[Result "0-1"]
[WhiteElo "2004"]
[BlackElo "2280"]
[PlyCount "40"]
[EventDate "2013.??.??"]
[WhiteTeam "SC Haar 1931"]
[BlackTeam "SV Koblenz 03/25"]

1. e4 e6 2. d4 d5 3. exd5 exd5 4. Bd3 Nc6 5. c3 Bd6 6. Nf3 Nge7 7. Qc2 Bg4 8.
Bg5 Bxf3 9. gxf3 Qd7 10. h4 Qe6+ 11. Kf1 h6 12. Bd2 Qf6 13. f4 Ng6 14. h5 Nh4
15. f5 Ne7 16. Rh3 O-O 17. Na3 c6 18. f4 Nexf5 19. Kf2 Ne7 20. Kg3 Qg5+ 0-1

[Event "17. OIBM Bad Wiessee"]
[Site "Bad Wiessee"]
[Date "2013.10.26"]
[Round "2.2"]
[White "Krauss, Josef"]
[Black "Nisipeanu, Liviu-Dieter"]
[Result "0-1"]
[WhiteElo "2154"]
[BlackElo "2674"]
[PlyCount "42"]
[EventDate "2013.??.??"]
[WhiteTeam "SK Schweinfurt 2000 e.V."]
[BlackTeam "OSG Baden-Baden"]

1. e4 c5 2. c3 d5 3. exd5 Qxd5 4. d4 Nc6 5. Nf3 Bf5 6. Be3 Nf6 7. Na3 cxd4 8.
Nb5 O-O-O 9. Nfxd4 Ng4 10. Be2 Qxg2 11. Bf3 Nxe3 12. fxe3 Qg5 13. Qe2 Qh4+ 14.
Kf1 Bh3+ 15. Kg1 e5 16. Nxa7+ Nxa7 17. Qc4+ Nc6 18. Bxc6 exd4 19. Bxb7+ Kxb7
20. Qb5+ Kc7 21. cxd4 Qg4+ 0-1

[Event "17. OIBM Bad Wiessee"]
[Site "Bad Wiessee"]
[Date "2013.10.26"]
[Round "2.3"]
[White "Fischer, Gerd"]
[Black "Delchev, Aleksander"]
[Result "0-1"]
[WhiteElo "2154"]
[BlackElo "2643"]
[PlyCount "64"]
[EventDate "2013.??.??"]
[WhiteTeam "FC Gunzenhausen 1910 e.V"]
[BlackTeam "SV Deggendorf"]

1. Nf3 d6 2. g3 e5 3. d3 f5 4. c4 Nf6 5. Nc3 Be7 6. Bg2 O-O 7. O-O Na6 8. Bg5
c6 9. Rb1 h6 10. Bd2 e4 11. dxe4 fxe4 12. Nd4 d5 13. cxd5 cxd5 14. b4 Kh8 15.
Ncb5 Bd7 16. a4 Nc7 17. Nxc7 Qxc7 18. Bf4 Qc4 19. Qd2 Rac8 20. Rfc1 Qa6 21. a5
Nh7 22. Be5 Ng5 23. b5 Qg6 24. b6 a6 25. Rc7 Rxc7 26. bxc7 e3 27. Qd3 exf2+ 28.
Kh1 Ne4 29. Rxb7 Qh5 30. Rb8 Qxe5 31. Nc6 Qa1+ 32. Rb1 Qxb1+ 0-1

[Event "17. OIBM Bad Wiessee"]
[Site "Bad Wiessee"]
[Date "2013.10.26"]
[Round "2.4"]
[White "Nyzhnyk, Illya"]
[Black "Schäfer, Michael"]
[Result "1/2-1/2"]
[WhiteElo "2625"]
[BlackElo "2151"]
[PlyCount "53"]
[EventDate "2013.??.??"]
[WhiteTeam "SG Porz e.V."]
[BlackTeam "FB Mörlenbach-Birkenau"]

1. d4 Nf6 2. c4 e6 3. Nc3 d5 4. Nf3 Be7 5. Bg5 h6 6. Bh4 O-O 7. Rc1 c6 8. e3
Ne4 9. Bxe7 Qxe7 10. Bd3 Nxc3 11. Rxc3 Nd7 12. O-O e5 13. dxe5 dxc4 14. Rxc4
Nxe5 15. Re4 Nxf3+ 16. Qxf3 Be6 17. Bc4 Rad8 18. Bxe6 fxe6 19. Qg4 Rf6 20. f4
Rd2 21. Rf2 Qd6 22. Rxd2 Qxd2 23. h3 Qd5 24. Ra4 a6 25. b3 c5 26. Rc4 b5 27.
Rc2 1/2-1/2

[Event "17. OIBM Bad Wiessee"]
[Site "Bad Wiessee"]
[Date "2013.10.26"]
[Round "2.6"]
[White "Rozentalis, Eduardas"]
[Black "Basener, Winfried"]
[Result "1-0"]
[WhiteElo "2616"]
[BlackElo "2148"]
[PlyCount "109"]
[EventDate "2013.??.??"]
[BlackTeam "SC Neuhausen 1908"]

1. e4 e5 2. Nf3 Nc6 3. Bb5 Nge7 4. O-O Ng6 5. c3 d6 6. d4 Bd7 7. d5 Nb8 8.
Bxd7+ Nxd7 9. c4 Be7 10. Nc3 h6 11. b4 a5 12. bxa5 Rxa5 13. a4 O-O 14. Qc2 Nc5
15. Ba3 b6 16. Bb4 Ra8 17. Nb5 Nb7 18. Ra3 Qd7 19. Rfa1 Na5 20. Bxa5 Rxa5 21.
Ne1 Bd8 22. g3 f5 23. exf5 Rxf5 24. Qe4 Qf7 25. Rf3 Ne7 26. Rxf5 Qxf5 27. Qxf5
Nxf5 28. Nd3 Nd4 29. Nxd4 exd4 30. Kf1 Kf7 31. Ke2 Bf6 32. Ra3 Ke7 33. Nb4 Kd7
34. Kd3 Ra8 35. Nc6 Re8 36. Nxd4 Bxd4 37. Kxd4 Ra8 38. Ra2 Rf8 39. Ke4 Ke7 40.
f4 Ra8 41. g4 Kf6 42. Kd3 Ke7 43. h4 Kd7 44. f5 Ke7 45. g5 hxg5 46. hxg5 Rh8
47. Re2+ Kf7 48. Re6 Rh3+ 49. Kd4 Rf3 50. c5 bxc5+ 51. Kc4 Rxf5 52. g6+ Kf8 53.
a5 Rf4+ 54. Kb5 Rb4+ 55. Kc6 1-0

[Event "17. OIBM Bad Wiessee"]
[Site "Bad Wiessee"]
[Date "2013.10.26"]
[Round "2.7"]
[White "Khenkin, Igor"]
[Black "Juergens, Klaus"]
[Result "1-0"]
[WhiteElo "2609"]
[BlackElo "2143"]
[PlyCount "99"]
[EventDate "2013.??.??"]
[WhiteTeam "Wiesbadener SV 1885"]
[BlackTeam "ASK Salzburg"]

1. d4 g6 2. e4 Bg7 3. Nf3 d6 4. Nc3 Nf6 5. Be2 O-O 6. O-O c5 7. d5 e6 8. dxe6
Bxe6 9. Bf4 d5 10. exd5 Nxd5 11. Nxd5 Bxd5 12. c3 Nc6 13. Bg5 f6 14. Be3 b6 15.
Qa4 Ne7 16. Rfd1 Kh8 17. b4 cxb4 18. c4 Bc6 19. Qxb4 Qe8 20. Nd4 Qf7 21. Nxc6
Nxc6 22. Qd6 Ne5 23. Rac1 Rac8 24. Qd5 Qe7 25. Qd6 Qf7 26. Qb4 Rfe8 27. Qb3 Bf8
28. Rd5 Nxc4 29. Rdd1 b5 30. Bf3 Bc5 31. Bf4 a6 32. h4 Qe7 33. a4 Ne5 34. axb5
Nxf3+ 35. gxf3 Qe2 36. Rd2 Qxb5 37. Qxb5 axb5 38. Rdc2 g5 39. Bg3 Bxf2+ 40.
Kxf2 Rxc2+ 41. Rxc2 gxh4 42. Bxh4 Re6 43. Rc7 Rb6 44. Rf7 Kg8 45. Rxf6 Rxf6 46.
Bxf6 b4 47. Ke3 Kf7 48. Be5 Ke6 49. Ke4 h5 50. f4 1-0

[Event "17. OIBM Bad Wiessee"]
[Site "Bad Wiessee"]
[Date "2013.10.26"]
[Round "2.8"]
[White "Ott, Florian"]
[Black "Graf, Alexander"]
[Result "0-1"]
[WhiteElo "2135"]
[BlackElo "2607"]
[PlyCount "70"]
[EventDate "2013.??.??"]
[WhiteTeam "SG Siemens Amberg"]
[BlackTeam "USV Volksbank Halle"]

1. d4 Nf6 2. c4 e6 3. Nc3 Bb4 4. Qc2 d6 5. a3 Bxc3+ 6. Qxc3 Nbd7 7. f3 c5 8.
dxc5 Nxc5 9. b4 Na4 10. Qb3 Bd7 11. Nh3 Rc8 12. e3 Nb6 13. Bb2 Ba4 14. Qa2 d5
15. c5 Nbd7 16. Nf2 O-O 17. Be2 b6 18. cxb6 Qxb6 19. Bd4 Qb8 20. Bd1 e5 21.
Bxa4 exd4 22. Bxd7 Nxd7 23. Qxd5 dxe3 24. Ne4 Ne5 25. Nd6 Rcd8 26. Qxe5 Rxd6
27. O-O Re8 28. Qf4 Qb6 29. Rfe1 e2+ 30. Kh1 Qd8 31. Qc1 h6 32. Qc5 Rd1 33. Qg1
Rxa1 34. Rxa1 Qd2 35. Qe1 Qb2 0-1

[Event "17. OIBM Bad Wiessee"]
[Site "Bad Wiessee"]
[Date "2013.10.26"]
[Round "2.10"]
[White "Schönberger, Peter"]
[Black "Gupta, Abhijeet"]
[Result "0-1"]
[WhiteElo "2138"]
[BlackElo "2593"]
[PlyCount "60"]
[EventDate "2013.??.??"]
[WhiteTeam "Caissa Schwarmstedt"]

1. e4 c5 2. c3 d5 3. exd5 Qxd5 4. d4 Nc6 5. Nf3 Bf5 6. Be3 Nf6 7. c4 Qd7 8. Na3
cxd4 9. Nxd4 Nxd4 10. Qxd4 Qxd4 11. Bxd4 e5 12. Bc3 O-O-O 13. f3 Bc5 14. b4 Be3
15. Be2 Rhe8 16. g3 e4 17. f4 Rd3 18. Bxf6 gxf6 19. g4 Rxa3 20. gxf5 Bxf4 21.
Rg1 Bxh2 22. Rg7 h5 23. Kf2 h4 24. c5 Bg3+ 25. Kg1 h3 26. Bc4 Be5 27. Rd1 Rd8
28. Rxd8+ Kxd8 29. Rxf7 h2+ 30. Kh1 Rc3 0-1

[Event "17. OIBM Bad Wiessee"]
[Site "Bad Wiessee"]
[Date "2013.10.26"]
[Round "2.11"]
[White "Danin, Alexander"]
[Black "Arounopoulos, Stephan"]
[Result "1-0"]
[WhiteElo "2589"]
[BlackElo "2135"]
[PlyCount "83"]
[EventDate "2013.??.??"]
[WhiteTeam "Bochumer SV 02"]
[BlackTeam "SK e4 Gerlingen"]

1. Nf3 Nf6 2. c4 g6 3. Nc3 Bg7 4. g3 d6 5. d4 O-O 6. Bg2 Nc6 7. O-O a6 8. Qd3
Rb8 9. d5 Na7 10. a4 c5 11. h3 Bd7 12. e4 Qc7 13. Re1 Ne8 14. Bf4 f6 15. Reb1
a5 16. Re1 Qc8 17. Kh2 Nc7 18. Rad1 Na6 19. Bc1 Qc7 20. Bf4 Nb4 21. Qd2 g5 22.
Be3 h6 23. Ng1 Be8 24. f4 Bg6 25. Nge2 Kh7 26. Rf1 Nc8 27. b3 Nb6 28. Bf3 Nd7
29. Bg4 Rbe8 30. Be6 Bf7 31. h4 gxh4 32. gxh4 Bxe6 33. dxe6 Nb8 34. f5 N8c6 35.
Nf4 Ne5 36. Ncd5 Qd8 37. Qe2 Qc8 38. Rg1 Rg8 39. Rg2 Nbc6 40. Qh5 Ref8 41. Ng6
Re8 42. Rdg1 1-0

[Event "17. OIBM Bad Wiessee"]
[Site "Bad Wiessee"]
[Date "2013.10.26"]
[Round "2.14"]
[White "Krämer, Martin"]
[Black "Feldbacher, Harald"]
[Result "1-0"]
[WhiteElo "2546"]
[BlackElo "2127"]
[PlyCount "67"]
[EventDate "2013.??.??"]
[WhiteTeam "Sfrd. Berlin 1903 e.V."]
[BlackTeam "SF Starnberger See e.V."]

1. d4 f5 2. g3 d6 3. d5 Nf6 4. Bg2 g6 5. Nh3 Bg7 6. O-O O-O 7. c4 a5 8. Nc3 Na6
9. Be3 Bd7 10. Rc1 c6 11. Qb3 c5 12. Bd2 Nc7 13. a4 Na6 14. Nf4 Nb4 15. h4 Rb8
16. Rfe1 Bh6 17. Ne6 Bxd2 18. Nxd8 Rbxd8 19. Rcd1 Bxe1 20. Rxe1 Ng4 21. e3 Bc8
22. Ne2 Rf6 23. Qc3 b6 24. Nf4 Ne5 25. e4 fxe4 26. Rxe4 Rdf8 27. Rxe5 dxe5 28.
Qxe5 R8f7 29. Be4 Rd6 30. h5 Bf5 31. Bxf5 gxf5 32. Ne6 Nd3 33. Qe3 Nxb2 34. Qb3
1-0

[Event "17. OIBM Bad Wiessee"]
[Site "Bad Wiessee"]
[Date "2013.10.26"]
[Round "2.15"]
[White "Ulanowski, Karol"]
[Black "Eingorn, Vereslav S"]
[Result "0-1"]
[WhiteElo "2133"]
[BlackElo "2548"]
[PlyCount "74"]
[EventDate "2013.??.??"]

1. e4 e5 2. Nf3 Nc6 3. d4 exd4 4. Nxd4 Bc5 5. Be3 Qf6 6. c3 Nge7 7. g3 h5 8.
Nc2 d6 9. Bg2 h4 10. Nd2 Ne5 11. Qe2 Bg4 12. f3 h3 13. fxg4 hxg2 14. Qxg2 Nxg4
15. Bxc5 dxc5 16. Qe2 Ne5 17. O-O-O O-O-O 18. Nc4 Rxd1+ 19. Rxd1 Nxc4 20. Qxc4
Rxh2 21. Qxc5 Qh6+ 22. Kb1 Rh1 23. Qd4 Rxd1+ 24. Qxd1 Qh2 25. Qg4+ f5 26. Qd1
Qxg3 27. exf5 Nxf5 28. b3 Qxc3 29. Qg4 Qe5 30. Nd4 g6 31. Nc2 Qe6 32. Kc1 a5
33. Kb1 b6 34. Kc1 Kd7 35. Kd2 Ke7 36. Qg5+ Qf6 37. Qg4 Qd6+ 0-1

[Event "17. OIBM Bad Wiessee"]
[Site "Bad Wiessee"]
[Date "2013.10.26"]
[Round "2.16"]
[White "Prusikin, Michael"]
[Black "Müller, Constantin"]
[Result "1-0"]
[WhiteElo "2546"]
[BlackElo "2010"]
[PlyCount "95"]
[EventDate "2013.??.??"]
[WhiteTeam "TV Tegernsee"]
[BlackTeam "SK München Südost e.V."]

1. e4 c5 2. Nf3 e6 3. d4 cxd4 4. Nxd4 a6 5. Bd3 Bc5 6. Nb3 Be7 7. Qg4 g6 8. Qe2
d6 9. O-O Nd7 10. Nc3 Ne5 11. f4 Nxd3 12. cxd3 Nf6 13. e5 Nd5 14. Nxd5 exd5 15.
Bd2 O-O 16. Qe3 Bf5 17. Bc3 dxe5 18. fxe5 Qd7 19. Kh1 Rfe8 20. Rae1 Be6 21. Qf4
a5 22. a3 b6 23. Re3 Rac8 24. a4 Bf8 25. Rg3 Bg7 26. Nd4 Rc5 27. Nb5 Rxb5 28.
axb5 Qxb5 29. Bd4 Rc8 30. Rc1 Rxc1+ 31. Qxc1 Qa4 32. Qe3 b5 33. h3 h5 34. Rf3
Bf5 35. Rf1 Kh7 36. Bb6 Qc2 37. d4 Qxb2 38. Bxa5 Bh6 39. Qc3 Qc2 40. Rg1 Be4
41. Qg3 Qc4 42. Qf2 Qd3 43. Qxf7+ Bg7 44. Kh2 Qxd4 45. Bc7 Qc3 46. e6 h4 47.
Bd6 Qc6 48. Be5 1-0

[Event "17. OIBM Bad Wiessee"]
[Site "Bad Wiessee"]
[Date "2013.10.26"]
[Round "2.17"]
[White "Hausrath, Daniel"]
[Black "Grohde, Wolfgang"]
[Result "1-0"]
[WhiteElo "2532"]
[BlackElo "2115"]
[PlyCount "55"]
[EventDate "2013.??.??"]
[WhiteTeam "SV Mülheim-Nord 1931 e"]
[BlackTeam "SC Agon Neumünster"]

1. Nf3 Nf6 2. g3 b6 3. Bg2 Bb7 4. O-O g6 5. d4 Bg7 6. c4 O-O 7. d5 c6 8. Nc3
cxd5 9. cxd5 d6 10. Nd4 Na6 11. Nc6 Bxc6 12. dxc6 Nc7 13. Qa4 Qb8 14. Qh4 b5
15. b4 Rd8 16. Rd1 d5 17. Be3 e5 18. Bc5 Ne6 19. Be7 g5 20. Qh3 e4 21. Qf5 Ne8
22. Bxd8 Qxd8 23. Rac1 N8c7 24. Nxd5 Nxd5 25. Rxd5 Qb6 26. Bxe4 Nd4 27. Rxd4
Qxd4 28. c7 1-0

[Event "17. OIBM Bad Wiessee"]
[Site "Bad Wiessee"]
[Date "2013.10.26"]
[Round "2.18"]
[White "Friesen, Viktor"]
[Black "Bromberger, Stefan"]
[Result "1/2-1/2"]
[WhiteElo "2131"]
[BlackElo "2521"]
[PlyCount "120"]
[EventDate "2013.??.??"]
[WhiteTeam "Herforder SV Königsspr"]
[BlackTeam "MSA Zugzwang 82 e.V."]

1. Nf3 Nf6 2. c4 c5 3. g3 b6 4. Bg2 Bb7 5. O-O e6 6. Nc3 Be7 7. b3 O-O 8. Bb2
d5 9. cxd5 exd5 10. d4 Re8 11. Rc1 Nbd7 12. e3 a6 13. Ne5 Nf8 14. dxc5 bxc5 15.
Na4 Ne6 16. Nd3 Rc8 17. Bxf6 gxf6 18. Qg4+ Kh8 19. Qh5 Ng7 20. Qg4 Qa5 21.
Naxc5 Bxc5 22. Nxc5 Ba8 23. Qd4 Rc6 24. b4 Qb6 25. Nb3 Qxd4 26. Nxd4 Rb6 27. a3
Ne6 28. Rfd1 Kg8 29. Nf5 a5 30. bxa5 Ra6 31. Bxd5 Rxa5 32. Nd6 Rd8 33. Bxa8
Rdxa8 34. Nc4 Rc5 35. Rd3 Rac8 36. Rdc3 Ng5 37. Kg2 Ne4 38. Rd3 Rxc4 39. Rxc4
Rxc4 40. Rd4 Rxd4 41. exd4 Nc3 42. Kf3 Kf8 43. Ke3 Ke7 44. Kd3 Na4 45. Ke4 Ke6
46. d5+ Ke7 47. Kf5 Nc3 48. d6+ Kxd6 49. Kxf6 Ne4+ 50. Kxf7 Nxf2 51. Kg7 Ng4
52. h4 Ne3 53. Kxh7 Nf5 54. Kg6 Nxg3 55. Kg5 Ne4+ 56. Kf4 Nf6 57. Kf5 Nh5 58.
Kg5 Ng3 59. Kf4 Nh5+ 60. Kg4 Nf6+ 1/2-1/2